000 01207nac a22003735a 4500
005 20150811124738.0
008 150805s2000 -uk||||fr|||| 001 0 eng d
010 _a 99059919
020 _a0415193605 (set)
020 _a0415193613 (v. 1)
020 _a0415193621 (v. 2)
020 _a041519363X (v. 3)
020 _a0415193648 (v. 4)
020 _a0415232678 (v. 5)
020 _a0415193648
020 _a9780415193610
020 _a9780415193627
020 _a9780415193634
020 _a9780415232678
020 _a9780415193641
040 _aEG-ScBUE
_beng
_cEG-ScBUE
082 0 4 _a325.3
_bPOS
_222
245 0 0 _aPostcolonialism :
_bcritical concepts in literary and cultural studies /
_cedited by Diana Brydon.
260 _aLondon ;
_aNew York :
_bRoutledge / Taylor & Francis Group,
_cc.2000.
300 _a5 v. ;
_c25 cm.
504 _aIncludes bibliographical references and indexes.
590 _aMenna Elemam
650 0 _aPostcolonialism.
_2BUEsh
651 _2BUEsh
653 _bBUSBOL
_cAugust2015
655 _vreading book
_934232
856 4 2 _3Publisher description
_uhttp://www.loc.gov/catdir/enhancements/fy0649/99059919-d.html
942 _cBB
_k325.3 POS
_2ddc
999 _c9171
_d9167